Justin Bieber Quiz Stats

 Plays Quiz not verified by Sporcle

Support Sporcle.
Go Orange.
Score 0/15 Timer 02:00
0 Plays Today
Question Answer % Correct
Where was he bornCanada
83.8%
Who Signed himUsher
80.4%
How many half-siblings does he have2
79.5%
Middle NameDrew
78.3%
What was his first singleOne Time
78.3%
What is the name of his movieNever Say Never
75.1%
Favorite Number6
69.7%
Where Was He Discovered YouTube
68.7%
Question Answer % Correct
Mom's NamePattie
67.2%
Favorite Candy Sour Patch Kids
67.2%
When was he bornMarch 1, 1994
66.1%
Dad's NameJeremy
64.2%
Who Discovered HimScooter Braun
56.3%
Favorite Food Spagetti
20.9%
What record label is he signed toIsland Def Jam Records
9.4%

You're not logged in!

Compare scores with friends on all Sporcle quizzes.
OR
Log In

From the Vault

First and Last Letters: Movies

by Flick

We hope all those letters in the middle went to a good home.
Remove Ads.
Support Sporcle.
Get the best of Sporcle when you Go Orange. This ad-free experience offers more features, more stats, and more fun while also helping to support Sporcle. Thank you for becoming a member.

Show Comments

Extras

Created Feb 13, 2011ReportNominate
Tags:Bieber, justin, Justin Bieber

Top Quizzes Today


Score Distribution

Your Account Isn't Verified!

In order to create a playlist on Sporcle, you need to verify the email address you used during registration. Go to your Sporcle Settings to finish the process.

Report this User

Report this user for behavior that violates our Community Guidelines.

Details: